000 00621nam a2200169 a 4500
008 070426s2003 ||||||||||||||||| || u
020 _a9982844059
050 _aTK 6553 Kho
100 _aKhozi, Mercy, comp
245 1 0 _aDevelopment through radio: a guide to setting up radio listening clubs
260 _aLusaka
_bClear Vision Investment
_c2003
300 _avi, 69p.;ill.
350 _a0.00
650 _aTELECOMMUNICATION
650 _aRADIO
995 _D0.00
_FCBU-MAIN LIBRARY (Kitwe)
_H1
_I0.00
_M1
_UAVAILABLE
_WApr 26, 2007
_ZMain Library Open Access Collection
999 _c40040
_d40040